000 00803nam a2200217Ii 4500
003 JO-AjNU
008 230605s9999||||xx |||||||||||||| ||und||
017 _a2021/9/5385
020 _a978-9957-92-261-0
040 _aJO-AjNU
_bara
_erda
_cJO-AjNU
041 _aara
050 1 4 _aQA76.9.2022
100 3 _aعيسى، مراد علي,
_eauthor
_963462
245 0 0 _aمقدمة في علم النفس السيبراني=Introducation to CYBERRPSYCHOLOGY
250 _aط1
300 _a424ص
336 _atext
_btxt
_2rdacontent
337 _aunmediated
_bn
_2rdamedia
338 _avolume
_bnc
_2rdacarrier
650 4 _aالسلوك-تطوير الشخصية-الذكاء الاصطناعي-وسائل التواصل الاجتماعي-الانترنت-علم النفس السيبراني
_963463
999 _aA28788
_c32356
_d32356